[Event "Titled Tuesday intern op 30th May Late"]
[Site "Chess.com INT"]
[Date "2023.05.30"]
[Round "5"]
[White "Remizov, Yaroslav"]
[Black "Lopez Mulet, Inigo"]
[Result "1-0"]
[WhiteElo "2421"]
[BlackElo "2404"]
[PlyCount "37"]
[EventDate "2023.05.30"]
[EventType "swiss (blitz)"]
[EventRounds "11"]
[EventCountry "USA"]
[SourceTitle "CBM 214 Extra"]
[Source "ChessBase"]
[SourceDate "2023.07.31"]
[SourceVersion "1"]
[SourceVersionDate "2023.07.31"]
[SourceQuality "1"]

1. d4 c6 2. e4 d5 3. Nc3 dxe4 4. Nxe4 Bf5 5. Ng3 Bg6 6. Bc4 e6 7. N1e2 Nf6 8. 0-0 Bd6 9. f4 Qc7 10. f5 exf5 11. Nxf5 Bxh2+ 12. Kh1 0-0 13. g3 Bxf5 14. Rxf5 Bxg3 15. Rxf6 gxf6 16. Qg1 Nd7 17. Bh6 Rfe8 18. Nxg3 Kh8 19. Nf5 1-0

[Event "Titled Tuesday intern op 23rd May Early"]
[Site "Chess.com INT"]
[Date "2023.05.23"]
[Round "5"]
[White "Srdanovic, Jovana"]
[Black "Lopez Mulet, Inigo"]
[Result "0-1"]
[WhiteElo "2058"]
[BlackElo "2404"]
[PlyCount "94"]
[EventDate "2023.05.23"]
[EventType "swiss (blitz)"]
[EventRounds "11"]
[EventCountry "USA"]
[SourceTitle "CBM 214 Extra"]
[Source "ChessBase"]
[SourceDate "2023.07.31"]
[SourceVersion "1"]
[SourceVersionDate "2023.07.31"]
[SourceQuality "1"]

1. d4 Nf6 2. c4 c5 3. d5 b5 4. cxb5 a6 5. bxa6 g6 6. Nc3 Bg7 7. e4 0-0 8. g3 Bxa6 9. Nf3 Bxf1 10. Kxf1 Qa5 11. Kg2 e6 12. Re1 exd5 13. e5 Ng4 14. Nxd5 Nc6 15. Bd2 Qa7 16. Bc3 Rfe8 17. Nf6+ Nxf6 18. exf6 Bh6 19. Qd6 Bf8 20. Qd5 Qb7 21. Rxe8 Rxe8 22. Rd1 d6 23. h4 h6 24. h5 g5 25. a3 Nd8 26. Qxb7 Nxb7 27. Nh2 Re4 28. Kf3 Ra4 29. Ng4 Nd8 30. Ne3 Ne6 31. Nf5 Ra6 32. b4 Rxa3 33. b5 Rxc3+ 34. Kg2 Rb3 35. Ne7+ Kh7 36. Rxd6 Rxb5 37. Rc6 Rb7 38. Nf5 Rc7 39. Ra6 c4 40. Ra2 c3 41. Rc2 Rc5 42. Ne3 Nd4 43. Rc1 Rc8 44. f4 Ba3 45. Rd1 c2 46. Nxc2 Rxc2+ 47. Kh3 Ne6 0-1

[Event "Titled Tuesday intern op 14th Mar Early"]
[Site "Chess.com INT"]
[Date "2023.03.14"]
[Round "4"]
[White "Lopez Mulet, Inigo"]
[Black "Costachi, Mihnea"]
[Result "0-1"]
[WhiteElo "2401"]
[BlackElo "2476"]
[PlyCount "80"]
[EventDate "2023.03.14"]
[EventType "swiss (blitz)"]
[EventRounds "11"]
[EventCountry "USA"]
[SourceTitle "EXT 2024"]
[Source "ChessBase"]
[SourceDate "2023.10.10"]
[SourceVersion "1"]
[SourceVersionDate "2023.10.10"]
[SourceQuality "1"]

1. Nf3 Nf6 2. e3 g6 3. b3 Bg7 4. Bb2 0-0 5. d4 b6 6. Bd3 Bb7 7. Nbd2 d6 8. 0-0 Nbd7 9. Re1 Re8 10. e4 e5 11. d5 a5 12. a3 Rf8 13. b4 h6 14. Nc4 Nh5 15. bxa5 bxa5 16. a4 Nf4 17. Bc3 f5 18. Nxa5 Bc8 19. Nc6 Qf6 20. Qd2 fxe4 21. Bxe4 Nc5 22. a5 Nxg2 23. Nfxe5 Nxe4 24. Rxe4 dxe5 25. Bxe5 Qf3 26. Bxg7 Qxe4 27. Qxh6 Bf5 28. Ne5 Qh4 29. Bxf8 Rxf8 30. Qxh4 Nxh4 31. a6 Ra8 32. c4 Be4 33. Ra3 Kf8 34. a7 Nf5 35. Nc6 Ne7 36. Nd4 Nxd5 37. cxd5 Bxd5 38. Nb5 Rd8 39. Nxc7 Ba8 40. Rb3 Rd1# 0-1

[Event "Titled Tuesday intern op 14th Mar Early"]
[Site "Chess.com INT"]
[Date "2023.03.14"]
[Round "5"]
[White "Lopez Mulet, Inigo"]
[Black "Ibarra Jerez, Jose Carlos"]
[Result "0-1"]
[WhiteElo "2401"]
[BlackElo "2563"]
[PlyCount "66"]
[EventDate "2023.03.14"]
[EventType "swiss (blitz)"]
[EventRounds "11"]
[EventCountry "USA"]
[SourceTitle "EXT 2024"]
[Source "ChessBase"]
[SourceDate "2023.10.10"]
[SourceVersion "1"]
[SourceVersionDate "2023.10.10"]
[SourceQuality "1"]

1. b3 c5 2. Bb2 d6 3. Nf3 e5 4. e3 Nc6 5. d4 cxd4 6. exd4 e4 7. Nfd2 d5 8. c4 Nf6 9. Nc3 Bb4 10. a3 Bxc3 11. Bxc3 0-0 12. Be2 Qe7 13. 0-0 e3 14. Nf3 exf2+ 15. Kh1 Ne4 16. Bb2 Rd8 17. Bd3 Bg4 18. Qe2 Rd6 19. Bc1 Nxd4 20. Qe3 Nf5 21. Qf4 Bxf3 22. Qxf5 Rf6 23. Qh3 Qe5 24. gxf3 Qxa1 25. fxe4 Qd4 26. exd5 g6 27. Bg5 Rb6 28. Qg3 Rxb3 29. Qxf2 Qxf2 30. Rxf2 Rxd3 31. Re2 b5 32. cxb5 Rxd5 33. a4 Rxg5 0-1

[Event "Titled Tuesday intern op 14th Mar Early"]
[Site "Chess.com INT"]
[Date "2023.03.14"]
[Round "7"]
[White "Lopez Mulet, Inigo"]
[Black "Perez Rodriguez, Jennifer"]
[Result "1-0"]
[WhiteElo "2401"]
[BlackElo "2254"]
[PlyCount "27"]
[EventDate "2023.03.14"]
[EventType "swiss (blitz)"]
[EventRounds "11"]
[EventCountry "USA"]
[SourceTitle "EXT 2024"]
[Source "ChessBase"]
[SourceDate "2023.10.10"]
[SourceVersion "1"]
[SourceVersionDate "2023.10.10"]
[SourceQuality "1"]

1. e4 e5 2. Nf3 Nc6 3. Bc4 Bc5 4. 0-0 Nf6 5. c3 Nxe4 6. d4 exd4 7. cxd4 Bb6 8. d5 Ne7 9. Qe2 Nd6 10. Bd3 f6 11. Nc3 0-0 12. Nh4 f5 13. Bg5 Rf7 14. Rae1 1-0

[Event "Titled Tuesday intern op 10th Jan Late"]
[Site "Chess.com INT"]
[Date "2023.01.10"]
[Round "3"]
[White "Lopez Mulet, Inigo"]
[Black "Floresvillar Gonzalez, Luis Miguel"]
[Result "1-0"]
[WhiteElo "2389"]
[BlackElo "2075"]
[PlyCount "49"]
[EventDate "2023.01.10"]
[EventType "swiss (blitz)"]
[EventRounds "11"]
[EventCountry "USA"]
[SourceTitle "EXT 2024"]
[Source "ChessBase"]
[SourceDate "2023.10.10"]
[SourceVersion "1"]
[SourceVersionDate "2023.10.10"]
[SourceQuality "1"]

1. Nf3 d5 2. g3 c6 3. Bg2 Bf5 4. c4 e6 5. b3 Nd7 6. Bb2 Ngf6 7. 0-0 Be7 8. Re1 0-0 9. d3 h6 10. Nbd2 Re8 11. a4 a5 12. e4 dxe4 13. dxe4 Bg4 14. e5 Nh7 15. Ne4 Nc5 16. Qe2 Nxe4 17. Qxe4 Bf5 18. Qe3 Ng5 19. Nd4 Bc5 20. h4 Nh7 21. Qf4 Bg6 22. Rad1 Qb6 23. Re3 Bxd4 24. Bxd4 Bc2 25. Bxb6 1-0

[Event "Rilton Cup 50th"]
[Site "Stockholm"]
[Date "2023.01.02"]
[Round "6"]
[White "Hillarp Persson, Tiger"]
[Black "Lopez Mulet, Inigo"]
[Result "1/2-1/2"]
[WhiteElo "2523"]
[BlackElo "2389"]
[PlyCount "103"]
[EventDate "2022.12.27"]
[EventType "swiss"]
[EventRounds "9"]
[EventCountry "SWE"]
[SourceTitle "CBM 212 Extra"]
[Source "ChessBase"]
[SourceDate "2023.03.31"]
[SourceVersion "1"]
[SourceVersionDate "2023.03.31"]
[SourceQuality "1"]

1. c4 Nf6 2. Nc3 e6 3. d4 Bb4 4. Qc2 b6 5. e4 c5 6. d5 Qe7 7. Nge2 exd5 8. exd5 d6 9. Bd2 0-0 10. 0-0-0 a6 11. Ng3 Re8 12. Bd3 Nbd7 13. Rde1 Ne5 14. a3 Ba5 15. Be2 Qd8 16. f4 Ng6 17. h4 h6 18. Bd3 Rxe1+ 19. Rxe1 Nf8 20. h5 Rb8 21. Nf5 Bxf5 22. Bxf5 b5 23. g4 b4 24. Nb1 bxa3 25. Nxa3 Bxd2+ 26. Qxd2 Qb6 27. Nb1 Qb3 28. Qc3 Qxc3+ 29. Nxc3 Rb4 30. Bd3 Nxg4 31. Ne4 Rb6 32. Rg1 Nd7 33. Rxg4 f5 34. Rg3 fxe4 35. Bxe4 Rb4 36. Bd3 Nf6 37. Rh3 a5 38. Be2 Kf7 39. Re3 Rb7 40. Kc2 Re7 41. Rxe7+ Kxe7 42. Kb3 Ne4 43. Ka4 Ng3 44. Bg4 Nf1 45. Kxa5 Ne3 46. Be2 Ng2 47. b4 cxb4 48. Kxb4 Nxf4 49. Bf3 Kf6 50. Kb5 Nd3 51. Be2 Nc5 52. Kc6 1/2-1/2

[Event "Rilton Cup 50th"]
[Site "Stockholm"]
[Date "2022.12.29"]
[Round "3"]
[White "Lopez Mulet, Inigo"]
[Black "Vagman, Roy"]
[Result "0-1"]
[WhiteElo "2389"]
[BlackElo "2255"]
[PlyCount "104"]
[EventDate "2022.12.27"]
[EventType "swiss"]
[EventRounds "9"]
[EventCountry "SWE"]
[SourceTitle "CBM 212 Extra"]
[Source "ChessBase"]
[SourceDate "2023.03.31"]
[SourceVersion "1"]
[SourceVersionDate "2023.03.31"]
[SourceQuality "1"]

1. d4 Nf6 2. c4 e6 3. g3 d5 4. Bg2 dxc4 5. Qa4+ Bd7 6. Qxc4 c5 7. Nf3 b5 8. Qc2 Na6 9. Ne5 Rc8 10. 0-0 cxd4 11. Qd1 Nb4 12. Na3 Bc5 13. Qb3 a5 14. Bg5 a4 15. Qf3 Nbd5 16. Qd3 b4 17. Nc2 Qb6 18. Nxd7 Nxd7 19. Bxd5 exd5 20. Bf4 0-0 21. Qf3 Nf6 22. Rad1 Ne4 23. Rd3 Rfe8 24. Rfd1 g5 25. Bd2 Rc6 26. Be1 Rf6 27. Qg4 Rg6 28. Qf5 h5 29. Nxd4 Qb7 30. e3 Rf6 31. Qh3 Re5 32. Qxh5 Rg6 33. f4 Nf6 34. Qf3 g4 35. Qe2 Rh5 36. Rc1 Bb6 37. Rc2 Rgh6 38. Qd1 Qe7 39. Rdd2 Qxe3+ 40. Kh1 Qe4+ 41. Kg1 Qe3+ 42. Kh1 b3 43. axb3 axb3 44. Rc8+ Kg7 45. h4 gxh3 46. Kh2 Qe4 47. Nf3 Ng4+ 48. Kh1 Re6 49. Rd3 h2 50. Bc3+ f6 51. Rd2 Qe3 52. Nd4 Qe1+ 0-1

[Event "Rilton Cup 50th"]
[Site "Stockholm"]
[Date "2022.12.28"]
[Round "2"]
[White "Horvath, Dominik"]
[Black "Lopez Mulet, Inigo"]
[Result "1-0"]
[WhiteElo "2502"]
[BlackElo "2389"]
[PlyCount "55"]
[EventDate "2022.12.27"]
[EventType "swiss"]
[EventRounds "9"]
[EventCountry "SWE"]
[SourceTitle "CBM 212 Extra"]
[Source "ChessBase"]
[SourceDate "2023.03.31"]
[SourceVersion "1"]
[SourceVersionDate "2023.03.31"]
[SourceQuality "1"]

1. d4 e6 2. c4 Nf6 3. Nc3 d5 4. cxd5 exd5 5. Bf4 Bb4 6. e3 c5 7. Bb5+ Bd7 8. Bxd7+ Nbxd7 9. Nge2 Ne4 10. 0-0 Bxc3 11. bxc3 0-0 12. Rb1 Qc8 13. f3 Nef6 14. Ng3 Qc6 15. Nf5 Kh8 16. g4 g6 17. Nd6 b6 18. c4 Kg8 19. e4 cxd4 20. cxd5 Qc5 21. Qd3 h5 22. Rfc1 Qa5 23. h3 hxg4 24. hxg4 Qxa2 25. Qxd4 Qe2 26. Rf1 Rad8 27. Rf2 Qa6 28. Ra1 1-0

[Event "Rilton Cup 50th"]
[Site "Stockholm"]
[Date "2022.12.27"]
[Round "1"]
[White "Lopez Mulet, Inigo"]
[Black "Joel Paul, Ganta"]
[Result "1-0"]
[WhiteElo "2389"]
[BlackElo "2183"]
[PlyCount "120"]
[EventDate "2022.12.27"]
[EventType "swiss"]
[EventRounds "9"]
[EventCountry "SWE"]
[SourceTitle "CBM 212 Extra"]
[Source "ChessBase"]
[SourceDate "2023.03.31"]
[SourceVersion "1"]
[SourceVersionDate "2023.03.31"]
[SourceQuality "1"]

1. d4 Nf6 2. c4 e6 3. g3 d5 4. Bg2 dxc4 5. Qa4+ Nbd7 6. Qxc4 a6 7. Qc2 c5 8. Nf3 cxd4 9. Nxd4 Bc5 10. Nb3 Ba7 11. 0-0 0-0 12. Bd2 Re8 13. Na3 Qe7 14. Nc4 e5 15. Rad1 Nb6 16. Ne3 e4 17. Bc3 Ng4 18. Bd4 Nxe3 19. fxe3 Nd7 20. Bxa7 Rxa7 21. Qc7 Kf8 22. Nd4 Nf6 23. Qb8 b5 24. Nc6 Rb7 25. Qf4 Qc7 26. Rc1 Qxf4 27. exf4 Bg4 28. e3 Nd5 29. Kf2 f5 30. Rc5 Rc7 31. Rfc1 Rec8 32. h3 Nb4 33. Ne5 Rxc5 34. Rxc5 Rxc5 35. Nd7+ Ke7 36. Nxc5 Bh5 37. a3 Nd5 38. Nxa6 Bf7 39. Bf1 Be8 40. Nc5 Kd6 41. Nb3 g6 42. Nd4 b4 43. axb4 Nxb4 44. g4 fxg4 45. hxg4 Bd7 46. g5 Kd5 47. b3 Kc5 48. Bc4 Nd5 49. Bxd5 Kxd5 50. Ke2 Bc8 51. Kd2 Ba6 52. Kc3 Bd3 53. Kb4 Ba6 54. Ka5 Bc8 55. Kb6 Bg4 56. Nc6 Bd7 57. Ne5 Bc8 58. b4 Bh3 59. Kc7 Bf1 60. Kd7 Be2 1-0

[Event "Titled Tuesday intern op 29th Nov Late"]
[Site "Chess.com INT"]
[Date "2022.11.29"]
[Round "7"]
[White "Rios Escobar, Adan"]
[Black "Lopez Mulet, Inigo"]
[Result "0-1"]
[WhiteElo "2276"]
[BlackElo "2389"]
[PlyCount "78"]
[EventDate "2022.11.29"]
[EventType "swiss (blitz)"]
[EventRounds "11"]
[EventCountry "USA"]
[SourceTitle "EXT 2024"]
[Source "ChessBase"]
[SourceDate "2023.10.10"]
[SourceVersion "1"]
[SourceVersionDate "2023.10.10"]
[SourceQuality "1"]

1. d4 g6 2. g3 Bg7 3. Bg2 d5 4. Nf3 c5 5. dxc5 Nf6 6. 0-0 0-0 7. c3 a5 8. h3 Qc7 9. Be3 Na6 10. Na3 Bd7 11. Bd4 Nxc5 12. Be5 Qb6 13. Nc2 Rfd8 14. b4 Na4 15. Qd2 Bf5 16. Bd4 Qc7 17. Be5 Qc8 18. Ne3 Ne4 19. Nxf5 Nxd2 20. Nxe7+ Kf8 21. Nxc8 Nxf3+ 22. exf3 Bxe5 23. Ne7 Kxe7 24. Rfe1 Kf6 25. f4 Bxc3 26. g4 Bxa1 27. g5+ Kg7 28. Rxa1 axb4 29. Rb1 Nc3 30. Rxb4 Rxa2 31. Rxb7 d4 32. Bf1 d3 33. Kg2 Ne4 34. Kf3 Rxf2+ 35. Kxe4 Rxf1 36. f5 gxf5+ 37. Ke5 d2 38. h4 d1Q 39. h5 Qd5# 0-1